000 00339nam a22001217a 4500
008 160524b xxu||||| |||| 00| 0 eng d
020 _a9780721691770
020 _a0721691773
041 _aeng
080 _a618.2
245 _aThe practice of nursing research conduct critique utilization:
_cNancy Burns; Susan K. Grove;
942 _2udc
_cBK
999 _c2416
_d2416